|
|
|
|
| LEADER |
00826nab a2200217 i 4500 |
| 001 |
publ21155 |
| 005 |
20210407120633.0 |
| 008 |
210407s2013 hu o 0|| zxx d |
| 022 |
|
|
|a 2063-9481
|
| 024 |
7 |
|
|a 3271585
|2 mtmt
|
| 040 |
|
|
|a SZTE Publicatio Repozitórium
|b hun
|
| 041 |
|
|
|a zxx
|
| 100 |
1 |
|
|a Demjén Olga
|
| 245 |
1 |
0 |
|a Májdaganatok automatikus CT-alapú preoperatív helyzetmeghatározása [CT-based automatic preoperative localization of liver tumors]
|h [elektronikus dokumentum] /
|c Demjén Olga
|
| 260 |
|
|
|c 2013
|
| 300 |
|
|
|a Terjedelem: 12 p-Azonosító: 15125
|
| 490 |
0 |
|
|a MAGYAR RADIOLÓGIA ONLINE
|v 4 No. 5
|
| 700 |
0 |
1 |
|a Ruskó László
|e aut
|
| 700 |
0 |
1 |
|a Mátéka Ilona
|e aut
|
| 700 |
0 |
1 |
|a Palkó András
|e aut
|
| 856 |
4 |
0 |
|u http://publicatio.bibl.u-szeged.hu/21155/1/3271585mro_2013_5_2_demjen.pdf
|z Dokumentum-elérés
|